000 00371nam a2200133Ia 4500
008 240719s9999 xx 000 0 und d
041 _aeng
082 _a658 FIT
100 _aFitzsimmons, A. James
245 _aService Management Operations Strategy Information Technology
260 _aHaryana
_bMcGraw-Hill
_c2018
300 _a524.; P. 28 cm
520 _aIMT Faculty
999 _c41438
_d41438